La reforma tributaria de 1995 / (Registro nro. 7622)
[ vista simple ]
| 000 -LEADER | |
|---|---|
| fixed length control field | 01643nam a2200253Ia 4500 |
| 003 - CONTROL NUMBER IDENTIFIER | |
| control field | OSt |
| 005 - DATE AND TIME OF LATEST TRANSACTION | |
| control field | 20210417215244.0 |
| 008 - FIXED-LENGTH DATA ELEMENTS--GENERAL INFORMATION | |
| fixed length control field | 210310s1996 ck grl 000 0 spa d |
| 020 ## - INTERNATIONAL STANDARD BOOK NUMBER | |
| International Standard Book Number | 9586600238 |
| 040 ## - CATALOGING SOURCE | |
| Original cataloging agency | CO-JMCR |
| Transcribing agency | CO-JMCR |
| 041 0# - LANGUAGE CODE | |
| Language code of text/sound track or separate title | spa |
| 082 04 - DEWEY DECIMAL CLASSIFICATION NUMBER | |
| Classification number | 343.04861 / |
| Item number | C355r |
| Edition number | 23 |
| 100 1# - MAIN ENTRY--PERSONAL NAME | |
| Personal name | Castro Ramírez, Pedro Eliseo, |
| 9 (RLIN) | 14968 |
| Relator term | autor |
| 245 13 - TITLE STATEMENT | |
| Title | La reforma tributaria de 1995 / |
| Statement of responsibility, etc. | Pedro Eliseo Castro Ramírez |
| 250 ## - EDITION STATEMENT | |
| Edition statement | Primera edición |
| 260 ## - PUBLICATION, DISTRIBUTION, ETC. | |
| Place of publication, distribution, etc. | Tunja : |
| Name of publisher, distributor, etc. | Universidad Pedagógica y Tecnológica de Colombia, |
| Date of publication, distribution, etc. | 1996 |
| 300 ## - PHYSICAL DESCRIPTION | |
| Other physical details | 88 páginas ; |
| Dimensions | 20 cm. |
| 500 ## - GENERAL NOTE | |
| General note | Incluye notas a pie de página. |
| 505 0# - FORMATTED CONTENTS NOTE | |
| Formatted contents note | El primer proyecto de reforma en 1995 -- El segundo proyecto de reforma en 1995 -- Elementos para el debate público |
| 520 3# - SUMMARY, ETC. | |
| Summary, etc. | ¿Cuál es la relación entre política y económica? En el fondo todos los aspectos políticos son aspectos políticos. La mayoría de los economistas hemos cometido un error muy grande y es pensar que la economía se puede manejar aisladamente de la política, pero siempre las decisiones políticas determinan los resultados económicos. En ese sentido me parece importante participar más en las decisiones políticas, para poder obtener los resultados que uno quiere, por que eso no depende solo de hacer sumas y reglas y cuadrar una serie de números. Y una cosa tengo clara, los problemas de este país no se van a poder solucionar mirando solamente lo económico. María Mercedes Cuellar El Espectador 14-01-96 Pag 1B |
| 650 14 - SUBJECT ADDED ENTRY--TOPICAL TERM | |
| Topical term or geographic name entry element | Evasión de impuestos |
| 9 (RLIN) | 14970 |
| Form subdivision | Comentarios |
| Geographic subdivision | Colombia |
| 650 24 - SUBJECT ADDED ENTRY--TOPICAL TERM | |
| Topical term or geographic name entry element | Derecho fiscal |
| Form subdivision | Comentarios |
| Geographic subdivision | Colombia |
| 9 (RLIN) | 36943 |
| 942 ## - ADDED ENTRY ELEMENTS (KOHA) | |
| Source of classification or shelving scheme | Dewey Decimal Classification |
| Koha item type | Books |
| Withdrawn status | Lost status | Source of classification or shelving scheme | Damaged status | Not for loan | Collection code | Home library | Current library | Date acquired | Source of acquisition | Full call number | Barcode | Date last seen | Copy number | Koha item type |
|---|---|---|---|---|---|---|---|---|---|---|---|---|---|---|
| Dewey Decimal Classification | Non-fiction | Biblioteca Pública José María del Castillo y Rada | Biblioteca Pública José María del Castillo y Rada | 04/15/2018 | Donación | 343.04861 / C355r | 430004583 | 05/16/2024 | Ej1 | Books |